00544nam a2200181 a 45000010010000000030011000100080041000210350026000620820014000881000023001022450022001252600035001476500012001829420012001949520104002069980037003109990015003470000-8635ELIB.Books110520 1989  a(ELIB.Books)0000-8781 a266 bGil aGilliland, Dean S. aThe Word Among Us bDallas: Word Publishing c1989 aMission 2ddccBK 00102ddc4070aKBTSbKBTSd2011-05-20l0p3036, 12057, 12058r2022-01-22 00:00:00w2022-01-22yBK cbate2011-05-20mcatu2019-06-25 c8635d8635